Top Pornography Hosting U.S. States - Statistics

General Stats
  • This quiz has been taken 129 times
  • The average score is 7 of 10
Answer Stats
% of Total Answer % Correct
2 8% New York
97%
1 66% California
96%
3 8% Texas
90%
6 1% Florida
89%
8 1% Washington
70%
4 2% Illinois
68%
5 2% Arizona
67%
9 0.9% Michigan
61%
7 1% New Jersey
57%
10 0.9% Utah
46%
No matching quizzes found
Score Distribution
Percent of People with Each Score
Percentile by Number Answered
Your Score History
You have not taken this quiz